000 00954nam a2200313 a 4500
003 AR-BaBNM
005 20251128203605.0
008 082120s2002 ||||||||||||||000 | spa||
040 _cAR-BaBNM
100 1 _aAlberdi, Juan Bautista
245 0 0 _aAutobiografía
_bla evolución de su pensamiento
260 _aBuenos Aires
_bJackson
_c1953
300 _axviii, 256 p.
490 0 _aGrandes Escritores Argentinos
_vv. 16
500 _aEntrevistas con el General San Martín y con Juan Manuel de Rosas en el destierro
500 _aApéndice en p. 254
650 4 _aHISTORIA CONSTITUCIONAL
650 4 _aGENERACION DE 1837
650 4 _aREVOLUCION DE MAYO
650 4 _aSALON LITERARIO
650 4 _aEPOCA DE ROSAS
650 4 _aHISTORIA DEL DERECHO ARGENTINO
650 4 _aHISTORIA DE LAS IDEAS
653 _aMEMORIAS
700 1 _aJaurès, Jean
_eprologuista
800 1 _aPalcos, Alberto
_edirector
942 _cBK
998 _cisola
999 _c4038
_d4038